<?xml version="1.0" encoding="UTF-8"?>
<record
    xmlns:xsi="http://www.w3.org/2001/XMLSchema-instance"
    xsi:schemaLocation="http://www.loc.gov/MARC21/slim http://www.loc.gov/standards/marcxml/schema/MARC21slim.xsd"
    xmlns="http://www.loc.gov/MARC21/slim">

  <leader>00537nam a2200169Ia 4500</leader>
  <controlfield tag="008">260520s2025    xx            000 0 und d</controlfield>
  <datafield tag="020" ind1=" " ind2=" ">
    <subfield code="a">9788174182876</subfield>
  </datafield>
  <datafield tag="041" ind1=" " ind2=" ">
    <subfield code="a">mar</subfield>
  </datafield>
  <datafield tag="082" ind1=" " ind2=" ">
    <subfield code="a">891.463/MOH</subfield>
  </datafield>
  <datafield tag="100" ind1=" " ind2=" ">
    <subfield code="a">&#x92E;&#x94B;&#x939;&#x93F;&#x924;&#x947;, &#x927; &#x92E;</subfield>
  </datafield>
  <datafield tag="245" ind1=" " ind2=" ">
    <subfield code="a">&#x915;&#x925;&#x93E; &#x938;&#x93E;&#x917;&#x930;&#x947;&#x936;&#x94D;&#x935;&#x930; &#x905;&#x92D;&#x92F;&#x93E;&#x930;&#x923;&#x94D;&#x92F;&#x93E;&#x91A;&#x940;</subfield>
  </datafield>
  <datafield tag="250" ind1=" " ind2=" ">
    <subfield code="a">3rd ed</subfield>
  </datafield>
  <datafield tag="260" ind1=" " ind2=" ">
    <subfield code="a">&#x92A;&#x941;&#x923;&#x947;</subfield>
    <subfield code="b">&#x907;&#x902;&#x926;&#x94D;&#x930;&#x93E;&#x92F;&#x923;&#x940; &#x938;&#x93E;&#x939;&#x93F;&#x924;&#x94D;&#x92F; &#x92A;&#x94D;&#x930;&#x915;&#x93E;&#x936;&#x928;</subfield>
    <subfield code="c">2025</subfield>
  </datafield>
  <datafield tag="300" ind1=" " ind2=" ">
    <subfield code="a">167p.</subfield>
  </datafield>
  <datafield tag="500" ind1=" " ind2=" ">
    <subfield code="a">Cat No: 14950</subfield>
  </datafield>
  <datafield tag="650" ind1=" " ind2=" ">
    <subfield code="a">MARATHI FICTION</subfield>
  </datafield>
  <datafield tag="999" ind1=" " ind2=" ">
    <subfield code="c">1221756</subfield>
    <subfield code="d">1221756</subfield>
  </datafield>
  <datafield tag="952" ind1=" " ind2=" ">
    <subfield code="0">0</subfield>
    <subfield code="1">0</subfield>
    <subfield code="4">0</subfield>
    <subfield code="7">0</subfield>
    <subfield code="8">C</subfield>
    <subfield code="a">PKS</subfield>
    <subfield code="b">PKS</subfield>
    <subfield code="c">6</subfield>
    <subfield code="d">2026-04-06</subfield>
    <subfield code="e">Bharati Madhyavarti Sahakari Grahak Bhandar, Pune (Best Book Supplier, Kolhapur)</subfield>
    <subfield code="g">200.00</subfield>
    <subfield code="l">0</subfield>
    <subfield code="o">891.463/MOH</subfield>
    <subfield code="p">PKS-25121</subfield>
    <subfield code="r">2026-05-20 00:00:00</subfield>
    <subfield code="w">2026-05-20</subfield>
    <subfield code="y">BK</subfield>
    <subfield code="z">TEXT BOOK SECTION</subfield>
  </datafield>
  <datafield tag="952" ind1=" " ind2=" ">
    <subfield code="0">0</subfield>
    <subfield code="1">0</subfield>
    <subfield code="4">0</subfield>
    <subfield code="7">0</subfield>
    <subfield code="8">C</subfield>
    <subfield code="a">PKS</subfield>
    <subfield code="b">PKS</subfield>
    <subfield code="c">6</subfield>
    <subfield code="d">2026-04-06</subfield>
    <subfield code="e">Bharati Madhyavarti Sahakari Grahak Bhandar, Pune (Best Book Supplier, Kolhapur)</subfield>
    <subfield code="g">200.00</subfield>
    <subfield code="l">0</subfield>
    <subfield code="o">891.463/MOH</subfield>
    <subfield code="p">PKS-25122</subfield>
    <subfield code="r">2026-05-20 00:00:00</subfield>
    <subfield code="w">2026-05-20</subfield>
    <subfield code="y">BK</subfield>
    <subfield code="z">TEXT BOOK SECTION</subfield>
  </datafield>
  <datafield tag="952" ind1=" " ind2=" ">
    <subfield code="0">0</subfield>
    <subfield code="1">0</subfield>
    <subfield code="4">0</subfield>
    <subfield code="7">0</subfield>
    <subfield code="8">C</subfield>
    <subfield code="a">PKS</subfield>
    <subfield code="b">PKS</subfield>
    <subfield code="c">6</subfield>
    <subfield code="d">2026-04-06</subfield>
    <subfield code="e">Bharati Madhyavarti Sahakari Grahak Bhandar, Pune (Best Book Supplier, Kolhapur)</subfield>
    <subfield code="g">200.00</subfield>
    <subfield code="l">0</subfield>
    <subfield code="o">891.463/MOH</subfield>
    <subfield code="p">PKS-25123</subfield>
    <subfield code="r">2026-05-20 00:00:00</subfield>
    <subfield code="w">2026-05-20</subfield>
    <subfield code="y">BK</subfield>
    <subfield code="z">TEXT BOOK SECTION</subfield>
  </datafield>
  <datafield tag="952" ind1=" " ind2=" ">
    <subfield code="0">0</subfield>
    <subfield code="1">0</subfield>
    <subfield code="4">0</subfield>
    <subfield code="7">0</subfield>
    <subfield code="8">C</subfield>
    <subfield code="a">PKS</subfield>
    <subfield code="b">PKS</subfield>
    <subfield code="c">6</subfield>
    <subfield code="d">2026-04-06</subfield>
    <subfield code="e">Bharati Madhyavarti Sahakari Grahak Bhandar, Pune (Best Book Supplier, Kolhapur)</subfield>
    <subfield code="g">200.00</subfield>
    <subfield code="l">0</subfield>
    <subfield code="o">891.463/MOH</subfield>
    <subfield code="p">PKS-25124</subfield>
    <subfield code="r">2026-05-20 00:00:00</subfield>
    <subfield code="w">2026-05-20</subfield>
    <subfield code="y">BK</subfield>
    <subfield code="z">TEXT BOOK SECTION</subfield>
  </datafield>
  <datafield tag="952" ind1=" " ind2=" ">
    <subfield code="0">0</subfield>
    <subfield code="1">0</subfield>
    <subfield code="4">0</subfield>
    <subfield code="7">0</subfield>
    <subfield code="8">C</subfield>
    <subfield code="a">PKS</subfield>
    <subfield code="b">PKS</subfield>
    <subfield code="c">6</subfield>
    <subfield code="d">2026-04-06</subfield>
    <subfield code="e">Bharati Madhyavarti Sahakari Grahak Bhandar, Pune (Best Book Supplier, Kolhapur)</subfield>
    <subfield code="g">200.00</subfield>
    <subfield code="l">0</subfield>
    <subfield code="o">891.463/MOH</subfield>
    <subfield code="p">PKS-25125</subfield>
    <subfield code="r">2026-05-20 00:00:00</subfield>
    <subfield code="w">2026-05-20</subfield>
    <subfield code="y">BK</subfield>
    <subfield code="z">TEXT BOOK SECTION</subfield>
  </datafield>
</record>
